000 00964nam a2200229Ia 4500
003 GCL
005 20240530104715.0
008 140319s9999 xx 000 0 ara d
040 _aGCL /
_cGCL
082 0 4 _a954
_bا م
100 1 _aاحمد عبدالقادر الشاذلى
245 1 0 _aالمسلمون فى الهند من الفتح العربى الى الاستعمار البريطانى: ترجمة كاملة لكتاب الطبقات الكبرى لنظام الدين احمد بخشى الهروى /
_cاحمد عبدالقادر الشاذلى
300 _aمتعدد
490 _aالهيئة العامة للاستعلامات
_v0
650 0 4 _aالفتوحات الاسلامية
650 0 4 _aالتاريخ الاسلامى
650 0 4 _aالتاريخ
650 0 4 _aانتشار الاسلام
650 0 4 _aالهند - تاريخ - الاحتلال البريطانى
650 0 4 _aالهند - تاريخ
942 _2ddc
_cBK
999 _c50027
_d50027